|
|
|
|
| LEADER |
00000nlm0a2200000 4500 |
| 001 |
341557 |
| 005 |
20240126163359.0 |
| 035 |
|
|
|a (RuTPU)RU\TPU\book\369611
|
| 035 |
|
|
|a RU\TPU\book\369610
|
| 090 |
|
|
|a 341557
|
| 100 |
|
|
|a 20181008d2018 k y0rusy50 ca
|
| 101 |
0 |
|
|a rus
|
| 102 |
|
|
|a RU
|
| 105 |
|
|
|a a m 000zy
|
| 135 |
|
|
|a drcn ---uucaa
|
| 181 |
|
0 |
|a i
|
| 182 |
|
0 |
|a b
|
| 200 |
1 |
|
|a Оптимизация состава и процессов изготовления радиационно-защитного металломатричного композиционного материала с применением плазменного и ультразвукового воздействия
|e диссертация на соискание ученой степени кандидата технических наук
|e спец. 01.04.07
|f М. С. Петюкевич
|g Национальный исследовательский Томский политехнический университет ; науч. рук. О. Л. Хасанов
|
| 203 |
|
|
|a Текст
|c электронный
|
| 210 |
|
|
|a Томск
|d 2018
|
| 215 |
|
|
|a 1 файл (5 764 KB)
|
| 300 |
|
|
|a Заглавие с титульного экрана
|
| 300 |
|
|
|a Электронная версия печатной публикации
|
| 452 |
|
1 |
|0 (RuTPU)RU\TPU\book\370726
|t Оптимизация состава и процессов изготовления радиационно-защитного металломатричного композиционного материала с применением плазменного и ультразвукового воздействия
|o диссертация на соискание ученой степени кандидата технических наук
|o спец. 01.04.07
|f М. С. Петюкевич
|g Национальный исследовательский Томский политехнический университет (ТПУ) ; науч. рук. О. Л. Хасанов
|c Томск
|n [Б. и.]
|d 2018
|p 173 л.
|a Петюкевич, Мария Станиславовна
|
| 606 |
1 |
|
|a Нанопорошки
|2 stltpush
|3 (RuTPU)RU\TPU\subj\52425
|9 70876
|
| 610 |
1 |
|
|a электронный ресурс
|
| 610 |
1 |
|
|a диссертации
|
| 610 |
1 |
|
|a труды учёных ТПУ
|
| 610 |
1 |
|
|a оптимизация
|
| 610 |
1 |
|
|a состав
|
| 610 |
1 |
|
|a процессы
|
| 610 |
1 |
|
|a изготовление
|
| 610 |
1 |
|
|a радиационно-защитные материалы
|
| 610 |
1 |
|
|a композиционные материалы
|
| 610 |
1 |
|
|a плазменные воздействия
|
| 610 |
1 |
|
|a ультразвуковые воздействия
|
| 610 |
1 |
|
|a порошковые системы
|
| 610 |
1 |
|
|a металломатричные композиты
|
| 610 |
1 |
|
|a дисперсность
|
| 610 |
1 |
|
|a компонентный состав
|
| 610 |
1 |
|
|a искровое плазменное спекание
|
| 610 |
1 |
|
|a радиационная защита
|
| 610 |
1 |
|
|a космическое пространство
|
| 610 |
1 |
|
|a космическая техника
|
| 675 |
|
|
|a 621.762(04)
|v 4
|
| 686 |
|
|
|a 01.04.07
|2 oksvnk
|
| 700 |
|
1 |
|a Петюкевич
|b М. С.
|c специалист в области материаловедения
|c инженер Томского политехнического университета
|f 1982-
|g Мария Станиславовна
|3 (RuTPU)RU\TPU\pers\32473
|9 16421
|
| 702 |
|
1 |
|a Хасанов
|b О. Л.
|c физик, специалист в области наноматериалов
|c профессор Томского политехнического университета, доктор технических наук
|c директор Нано-Центра ТПУ, заведующий кафедрой наноматериалов и нанотехнологий
|f 1958-
|g Олег Леонидович
|3 (RuTPU)RU\TPU\pers\26436
|4 727
|
| 712 |
0 |
2 |
|a Национальный исследовательский Томский политехнический университет
|b Инженерная школа новых производственных технологий
|b Отделение материаловедения
|3 (RuTPU)RU\TPU\col\23508
|
| 801 |
|
2 |
|a RU
|b 63413507
|c 20190212
|g RCR
|
| 856 |
4 |
|
|u http://earchive.tpu.ru/handle/11683/52757
|
| 942 |
|
|
|c CF
|